Central Library OPAC University of Rajshahi

Voodoo in Haiti / (Record no. 31186)

MARC details
000 -LEADER
fixed length control field 00757cam a22002651 4500
001 - CONTROL NUMBER
control field 31186
003 - CONTROL NUMBER IDENTIFIER
rucl marc code BD-RjUL
005 - DATE AND TIME OF LATEST TRANSACTION
control field 20211209051653.0
008 - FIXED-LENGTH DATA ELEMENTS--GENERAL INFORMATION
fixed length control field 140413s1959 enka b 000 0 eng
035 ## - SYSTEM CONTROL NUMBER
System control number (BD-RjUL)31273
System control number (OCoLC)5331478
040 ## - CATALOGING SOURCE
Original cataloging agency DLC
Transcribing agency KWiU
Modifying agency DLC
-- BD-RjUL
Language of cataloging eng
041 ## - LANGUAGE CODE
Language code of text/sound track or separate title eng
082 00 - DEWEY DECIMAL CLASSIFICATION NUMBER
Classification number 133.4
Author mark and year MEV 1959
100 1# - MAIN ENTRY--PERSONAL NAME
Personal name Métraux, Alfred,
Dates associated with a name 1902-1963.
9 (RLIN) 94843
245 00 - TITLE STATEMENT
Title Voodoo in Haiti /
Statement of responsibility, etc. Alfred Métraux; Translated by Hugo Charteris.
260 ## - PUBLICATION, DISTRIBUTION, ETC. (IMPRINT)
Place of publication, distribution, etc. London :
Name of publisher, distributor, etc. A. Deutsch,
Date of publication, distribution, etc. c1959.
300 ## - PHYSICAL DESCRIPTION
Pagination 400 p. :
Illustrations illus. ;
Size 22 cm.
504 ## - BIBLIOGRAPHY, ETC. NOTE
Bibliography, etc Includes bibliography.
650 #0 - SUBJECT ADDED ENTRY--TOPICAL TERM
Topical term or geographic name as entry element Vodou.
9 (RLIN) 94844
Topical term or geographic name as entry element Folklore
Geographic subdivision Haiti.
9 (RLIN) 94845
942 ## - ADDED ENTRY ELEMENTS (KOHA)
Source of classification or shelving scheme Dewey Decimal Classification
Koha item type Books
Holdings
Lost status Source of classification or shelving scheme Damaged status Not for loan Permanent Location Current Location Shelving location Date acquired Source of acquisition Cost, normal purchase price Total Checkouts Full call number Date last seen Copy number Koha item type
  Dewey Decimal Classification   Not For Loan Central Library, University of Rajshahi Central Library, University of Rajshahi Reading Room 22/05/1963 Mohiuddin and sons 24.37   133.4 MEV 1959 13/04/2014 C-1 Books